Dictionary of anthropology / (Record no. 6930)

MARC details
000 -LEADER
fixed length control field 00490nam a2200157 4500
001 - CONTROL NUMBER
control field 8050
008 - FIXED-LENGTH DATA ELEMENTS--GENERAL INFORMATION
fixed length control field 790712t19691956nyu d 00000 eng
020 ## - INTERNATIONAL STANDARD BOOK NUMBER
International Standard Book Number 0837120942
100 10 - MAIN ENTRY--PERSONAL NAME
Personal name Winick, Charles,
Dates associated with a name 1922-
245 10 - TITLE STATEMENT
Title Dictionary of anthropology /
Statement of responsibility, etc. Charles, Winick.
260 0# - PUBLICATION, DISTRIBUTION, ETC.
Place of publication, distribution, etc. New York :
Name of publisher, distributor, etc. Greenwood Press,
Date of publication, distribution, etc. [1969, c1956]
300 ## - PHYSICAL DESCRIPTION
Extent vii, 578 p. ;
Dimensions 24 cm.
650 #0 - SUBJECT ADDED ENTRY--TOPICAL TERM
Topical term or geographic name entry element Anthropology
General subdivision Dictionaries.
Topical term or geographic name entry element Anthropologie
General subdivision Dictionnaires anglais.
Holdings
Withdrawn status Lost status Source of classification or shelving scheme Damaged status Not for loan Collection code Home library Current library Shelving location Date acquired Serial Enumeration / chronology Inventory number Total Checkouts Full call number Barcode Date last seen Date last checked out Price effective from Koha item type
    Dewey Decimal Classification     Main TEST RTC Library RTC Library Main opac 27/11/2018 12141 2 306 WIN 30012040 21/11/2023 16/10/2023 27/11/2018 Main
Royal Thimphu College || All Right Reserved